Information hiding techniques for steganography and digital watermarking (Record no. 6629)
[ view plain ]
| 000 -LEADER | |
|---|---|
| fixed length control field | 00720 a2200217 4500 |
| 020 ## - INTERNATIONAL STANDARD BOOK NUMBER | |
| International Standard Book Number | 1580530354 |
| 040 ## - CATALOGING SOURCE | |
| Original cataloging agency | DLC |
| Language of cataloging | DLC |
| 082 ## - DEWEY DECIMAL CLASSIFICATION NUMBER | |
| Classification number | 005.8 |
| 245 00 - TITLE STATEMENT | |
| Title | Information hiding techniques for steganography and digital watermarking |
| Statement of responsibility, etc. | Stefan Katzenbeisser, Fabien A.P. Petitcolas, editors |
| 260 ## - PUBLICATION, DISTRIBUTION, ETC. | |
| Place of publication, distribution, etc. | Boston : |
| Name of publisher, distributor, etc. | Artech House, |
| Date of publication, distribution, etc. | cop. 2000 |
| 300 ## - PHYSICAL DESCRIPTION | |
| Extent | xviii, 220 s. : |
| Other physical details | ill. |
| 490 0# - SERIES STATEMENT | |
| Series statement | Artech House computing library |
| 650 #0 - SUBJECT ADDED ENTRY--TOPICAL TERM | |
| Topical term or geographic name entry element | Computer security |
| 650 #0 - SUBJECT ADDED ENTRY--TOPICAL TERM | |
| Topical term or geographic name entry element | Data protection |
| 650 #0 - SUBJECT ADDED ENTRY--TOPICAL TERM | |
| Topical term or geographic name entry element | Digital watermarking |
| 650 #0 - SUBJECT ADDED ENTRY--TOPICAL TERM | |
| Topical term or geographic name entry element | Data encryption (Computer science) |
| 650 #0 - SUBJECT ADDED ENTRY--TOPICAL TERM | |
| Topical term or geographic name entry element | Computer security |
| 700 1# - ADDED ENTRY--PERSONAL NAME | |
| Personal name | Katzenbeisser, Stefan |
| Relator code | edt |
| 700 1# - ADDED ENTRY--PERSONAL NAME | |
| Personal name | Petitcolas, Fabien A. P. |
| Relator code | edt |
| 942 ## - ADDED ENTRY ELEMENTS (KOHA) | |
| Koha item type | Book |
| Call number prefix | 005.8 KAT |
| Source of classification or shelving scheme | |
| Withdrawn status | Lost status | Damaged status | Not for loan | Collection code | Permanent Location | Current Location | Shelving location | Date acquired | Source of acquisition | Cost, normal purchase price | Total Checkouts | Total Renewals | Full call number | Barcode | Date last seen | Date last checked out | Price effective from | Koha item type |
|---|---|---|---|---|---|---|---|---|---|---|---|---|---|---|---|---|---|---|
| Central Library (CL) | Central Library (CL) | First Floor - Artificial Intelligence/Data Mining | 06/06/2003 | Pak Book Corporation | 5503.97 | 1 | 3 | 005.8 KAT | SEECS003500 | 09/14/2020 | 01/22/2020 | 01/05/2017 | Book | |||||
| Central Library (CL) | Central Library (CL) | First Floor - Artificial Intelligence/Data Mining | 07/02/2003 | NIMS Photocopier | 305.00 | 3 | 005.8 KAT | SEECS003581 | 07/16/2021 | 01/05/2017 | Book | |||||||
| Central Library (CL) | Central Library (CL) | First Floor - Artificial Intelligence/Data Mining | 07/02/2003 | NIMS Photocopier | 305.00 | 005.8 KAT | SEECS003582 | 02/03/2022 | 01/05/2017 | Book |
